Vista normal
Vista MARC
Entrada Materia (título de una obra)
Número de registros utilizados en: 1
001 - CONTROL NUMBER
- control field: 75367
003 - CONTROL NUMBER IDENTIFIER
- control field: Co-BoUCM
005 - DATE AND TIME OF LATEST TRANSACTION
- control field: 20160208144519.0
008 - FIXED-LENGTH DATA ELEMENTS
- fixed length control field: 160208|| aca||aabn | a|a d
040 ## - CATALOGING SOURCE
- Original cataloging agency: Co-BoUCM
- Transcribing agency: Co-BoUCM
130 ## - HEADING--UNIFORM TITLE
- Uniform title: Acuerdo General sobre Aranceles Aduaneros y Comercio
- Chronological subdivision: 1947
670 ## - SOURCE DATA FOUND
- Source citation: Work cat.: (Co-BoUCM)302512: A history of law and lawyers in the GATT/WTO, 2015